00597cam a22001697a 4500020001800000020001500018040000800033082002600041245004500067260007600112300006800188500005200256650001900308650001900327650002000346710006100366 a9789251068588 a9251068585 cNLE00a338 ROM 2011 C106 Or.00aFood security :bcommunications toolkit. aRome :bFood and Agriculture Organization of the United Nations,c2011. a213 p. :bill. (chielfy col.) ;c30 cm. +e1 CD-ROM (4 3/4 in.) aCD-ROM in pocket attached to inside back cover. 0aFood security. 0aCommunication. 0aReport writing.2 aFood and Agriculture Organization of the United Nations.